Statistics for Dance moms

Click here to take the quiz!

General Stats

  • This quiz has been taken 426 times
  • The average score is 11 of 15

Answer Stats

HintAnswer% Correct
Dance teachers nameAbby
99%
Which of Abbys dancers breaks their footPaige
98%
Nias moms nameHolly
96%
Who is the youngest dancerMackenzie
94%
WHo is Abby's favouriteMaddie
93%
Who dropped their hat on stageChloe
90%
Which Dance Mom do all the others protest to get backKelly
77%
What is Abbys dogs nameBroadway Baby
74%
What is the assistants nameGiana
74%
Who stands in for BrookePeyton
71%
Dance that featured a swingWhere have all the children gone
66%
Which of Brookes songs do the girls make a music video forSummer Love Song
44%
Name of the group dance - Season 1 epsiode 2Electricity
40%
What show did they perform 'The last Text' onThe View
40%
What was 'The Last Text' Dance aboutCar crash
32%

Score Distribution

Percentile by Number Answered

Percent of People with Each Score

Your Score History

You have not taken this quiz